000 00475nam a2200121Ia 4500
008 220620s9999||||xx |||||||||||||| ||und||
100 _aZylinska, Joanna
245 0 _aAI Art
_bMachine Visions and Warped Dreams
546 _aEnglish[eng]
650 _acomputers||algorithmic art||AI
856 _uhttps://library.oapen.org/bitstream/20.500.12657/40042/1/Zylinska_2020_AI-Art.pdf||https://library.oapen.org/bitstream/20.500.12657/40042/1/Zylinska_2020_AI-Art.pdf
942 _cEB
999 _c21435
_d21435